MARC details
| 000 -CABECERA |
| campo de control de longitud fija |
02426cam a2200253 i 4500 |
| 001 - NÚMERO DE CONTROL |
| campo de control |
23826872 |
| 005 - FECHA Y HORA DE LA ÚLTIMA TRANSACCIÓN |
| campo de control |
20250521093550.0 |
| 008 - DATOS DE LONGITUD FIJA--INFORMACIÓN GENERAL |
| campo de control de longitud fija |
240815s2021 enk b 001 0 eng d |
| 010 ## - NÚMERO DE CONTROL DE LA BIBLIOTECA DEL CONGRESO |
| Número de control de LC |
2024402900 |
| 020 ## - NÚMERO INTERNACIONAL ESTÁNDAR DEL LIBRO |
| Número Internacional Estándar del Libro |
9781913068202 |
| Información calificativa |
(paperback) |
| 035 ## - NÚMERO DE CONTROL DEL SISTEMA |
| Número de control de sistema |
(OCoLC)on1144809327 |
| 040 ## - FUENTE DE LA CATALOGACIÓN |
| Centro catalogador/agencia de origen |
UKMGB |
| Lengua de catalogación |
eng |
| Normas de descripción |
rda |
| Centro/agencia transcriptor |
UKMGB |
| Centro/agencia modificador |
OCLCO |
| -- |
OCLCF |
| -- |
YDX |
| -- |
SINLB |
| -- |
OCLCO |
| -- |
LSD |
| -- |
DLC |
| 042 ## - CÃDIGO DE AUTENTICACIÃN |
| Código de autenticación |
lccopycat |
| 050 00 - SIGNATURA TOPOGRÁFICA DE LA BIBLIOTECA DEL CONGRESO |
| Número de clasificación |
HM1166 |
| Número de documento/Ítem |
.L63 2021 |
| 100 ## - ENTRADA PRINCIPAL--NOMBRE DE PERSONA |
| Nombre de persona |
Locke, Connson Chou, |
| Término indicativo de función/relación |
author. |
| 9 (RLIN) |
25182 |
| 245 10 - MENCIÓN DE TÍTULO |
| Título |
Making your voice heard |
| Resto del título |
: how to own your space, access your inner power and become influential |
| Mención de responsabilidad, etc. |
/ Connson Chou Locke. |
| 264 #1 - PRODUCCIÓN, PUBLICACIÓN, DISTRIBUCIÓN, FABRICACIÓN Y COPYRIGHT |
| Producción, publicación, distribución, fabricación y copyright |
London ; |
| -- |
New York, NY : |
| Nombre del de productor, editor, distribuidor, fabricante |
Endeavour, |
| Fecha de producción, publicación, distribución, fabricación o copyright |
2021. |
| 300 ## - DESCRIPCIÓN FÍSICA |
| Extensión |
xviii, 269 pages ; |
| Dimensiones |
24 cm |
| 504 ## - NOTA DE BIBLIOGRAFÍA, ETC. |
| Nota de bibliografía, etc. |
Includes bibliographical references (pages 255-257) and index. |
| 520 ## - SUMARIO, ETC. |
| Sumario, etc. |
Why are some people more influential than others? What is it that makes people sit up and take notice?<br/><br/>Making Your Voice Heard is a fresh take on how to successfully influence others, regardless of your gender or background.<br/><br/>Drawing on the latest research in social psychology, Dr Connson Chou Locke will look at why we are prone to miscommunicate and how to overcome these barriers. This practical guide, based on her hugely popular Guardian Masterclass, will help you hone your personal style and enhance your presence and influence with ease.<br/><br/>Discover:<br/><br/>The latest insights on influencing people who have more power than you.<br/>Gender in the workplace: how to sidestep unconscious bias.<br/>Energy and body cues: what does your body communicate about you?<br/>Tips on how to make an impact and be seen as a leader.<br/>How to make a strong first impression.<br/>Practical exercises to help you communicate with confidence.<br/>Connson Chou Locke is professorial lecturer in management at the London School of Economics and Political Science, where she teaches leadership, organisational behaviour and negotiation. Connson Locke holds a PhD and MSc in business administration, with a speciality in organisational behaviour, from the University of California at Berkeley and a BA in sociology from Harvard University. Her highly popular Guardian Masterclass 'Developing your presence, power and influence' regularly sells out. Her clients include Harvard Medical School, Orange Group, KPMG and the United Nations System Staff College. |
| 650 #0 - PUNTO DE ACCESO ADICIONAL DE MATERIA--TÉRMINO DE MATERIA |
| Término de materia o nombre geográfico como elemento de entrada |
Interpersonal communication |
| 9 (RLIN) |
5568 |
| 650 #0 - PUNTO DE ACCESO ADICIONAL DE MATERIA--TÉRMINO DE MATERIA |
| Término de materia o nombre geográfico como elemento de entrada |
Influence (Psychology) |
| 9 (RLIN) |
6946 |
| 942 ## - ELEMENTOS DE ENTRADA AGREGADA (KOHA) |
| Fuente del sistema de clasificación o colocación |
Clasificación de Library of Congress |